000 00656nam a2200241Ia 4500
003 OSt
005 20220926012111.0
006 a|||||r|||| 00| 0
007 ta
008 220923b |||||||| |||| 00| 0 eng d
020 _a0465051960
037 _cGeneral Book
040 _aRTL
_cRTL
_beng
041 _2eng
_aeng
082 _aX:75, P1
100 _aOlson Mancur
_9293883
245 0 _aPower and prosperity
_b Outgrowing communist and cap
260 _aNew York
_bBasic Book
_c2001
300 _a233p
_ccm.
500 _aBibliography: P 221-226
942 _hX:75, P1
_cGB
_2CC
999 _c621687
_d621687